000 01306naa a22003497a 4500
001 BR7405520
003 BR-BrBNA
005 20240918173629.0
007 ta
008 230509b bl.||||| |||| 00| 0 por d
040 _aBR-BrBNA
_bpor
_cBiblioteca Nacional de Agricultura
041 _a(Pt)
072 _aF25
_b3820
_b1930
090 _aF25 BR7405520
100 1 _aWerner, J.C.
100 1 _aCobra Netto, A.
100 1 _aCobra, A.P.
111 1 _a11. Reuniao da Sociedade Brasileira de Zootecnia
_cFortaleza, CE (Brazil)
_d22 Jul 1974
245 1 _aAplicacao de amonia anidra em pastagem - capim pangola (Digitaria decumbens, Stent)[Fertilizante nitrogenado]
260 3 _aFortaleza, CE (Brasil):
_bUniversidade Federal do Ceara,
_c1974.
500 _aAnais da 11. Reuniao da Sociedade Brasileira de Zootecnia Fortaleza, CE (Brasil): Universidade Federal do Ceara, 1974. p. 306 (BR7405520-AM)F25
650 _aFertilidade do solo
650 _aFertilizante nitrogenado
650 _aCapim pangola
650 _aAmonia
650 _aUreia
650 _aMateria seca
650 _aProteina
773 0 _tAnais da 11. Reuniao da Sociedade Brasileira de Zootecnia
_wF25 BR7405520
_gFortaleza, CE (Brasil), 1974. p. 306
909 _a202404
_bLucia
_c55
_dLucia Elande
942 _cAM
_2AGRIS
999 _c305856
_d305856